中央本線の駅 - Statistics

General Stats
  • This quiz has been taken 23 times
  • The average score is 84 of 111
Answer Stats
Answer % Correct
高尾
100%
大月
100%
甲府
100%
小淵沢
100%
茅野
100%
上諏訪
100%
下諏訪
100%
岡谷
100%
みどり湖
100%
塩尻
100%
恵那
100%
金山
100%
名古屋
100%
神田
89%
御茶ノ水
89%
四ツ谷
89%
千駄ケ谷
89%
新宿
89%
大久保
89%
中野
89%
高円寺
89%
阿佐ヶ谷
89%
荻窪
89%
三鷹
89%
武蔵境
89%
武蔵小金井
89%
国分寺
89%
国立
89%
立川
89%
豊田
89%
八王子
89%
西八王子
89%
相模湖
89%
勝沼ぶどう郷
89%
塩山
89%
山梨市
89%
石和温泉
89%
韮崎
89%
信濃境
89%
洗馬
89%
中津川
89%
瑞浪
89%
多治見
89%
古虎渓
89%
高蔵寺
89%
新守山
89%
大曽根
89%
千種
89%
辰野
89%
水道橋
78%
飯田橋
78%
市ケ谷
78%
信濃町
78%
代々木
78%
東中野
78%
西荻窪
78%
吉祥寺
78%
東小金井
78%
西国分寺
78%
日野
78%
藤野
78%
上野原
78%
猿橋
78%
甲斐大和
78%
竜王
78%
富士見
78%
すずらんの里
78%
美乃坂本
78%
神領
78%
春日井
78%
鶴舞
78%
四方津
67%
梁川
67%
鳥沢
67%
東山梨
67%
春日居町
67%
塩崎
67%
奈良井
67%
木曽福島
67%
上松
67%
坂下
67%
落合川
67%
勝川
67%
笹子
56%
酒折
56%
新府
56%
穴山
56%
長坂
56%
青柳
56%
日出塩
56%
贄川
56%
野尻
56%
十二兼
56%
南木曽
56%
土岐市
56%
定光寺
56%
信濃川島
56%
初狩
44%
日野春
44%
木曽平沢
44%
藪原
44%
原野
44%
倉本
44%
須原
44%
田立
44%
武並
44%
釜戸
44%
小野
44%
宮ノ越
33%
川岸
33%
大桑
22%
No matching quizzes found
Score Distribution
Percent of People with Each Score
Percentile by Number Answered
Your Score History
You have not taken this quiz